[Event "Open BDR Salon"]
[Site "?"]
[Date "2005.03.05"]
[Round "6"]
[White "Dufresne, Said"]
[Black "Navarro, Bertrand"]
[Result "1-0"]
[WhiteElo "1499"]
[BlackElo "1499"]
[PlyCount "81"]
[EventDate "2005.04.02"]
[SourceDate "2005.04.02"]

1. Nf3 Nf6 2. c4 c5 3. Nc3 e6 4. d4 cxd4 5. Nxd4 Nc6 6. g3 Rb8 7. Bg2 Nxd4 8.
Qxd4 b6 9. Bf4 d6 10. Qd3 Bb7 11. O-O Bxg2 12. Kxg2 a6 13. Rad1 e5 14. Be3 Qc7
15. Nd5 Nxd5 16. cxd5 b5 17. Rc1 Qb7 18. Rc6 Rc8 19. Rfc1 Rxc6 20. Rxc6 Be7 21.
Qc3 O-O 22. Rc7 Qxd5+ 23. f3 Qe6 24. Rc6 Qxa2 25. h4 a5 26. Rc7 b4 27. Qd2 Qe6
28. Ra7 Bd8 29. Ra6 Bc7 30. Rc6 Bb8 31. Rb6 Qc4 32. h5 d5 33. h6 g6 34. Bg5 e4
35. Bf6 Ba7 36. Rd6 exf3+ 37. exf3 Qc5 38. Rxd5 Qg1+ 39. Kh3 Qh1+ 40. Kg4 Qh5+
41. Rxh5 1-0

[Event "Open BDR Salon"]
[Site "?"]
[Date "2005.03.05"]
[Round "6"]
[White "Brunie, Luce"]
[Black "Guyard, Gerard"]
[Result "*"]
[WhiteElo "1340"]
[BlackElo "1340"]
[PlyCount "39"]
[EventDate "2005.04.02"]
[SourceDate "2005.04.02"]

1. e4 d6 2. f4 e5 3. Nf3 Nf6 4. Nc3 Nc6 5. Bc4 Bg4 6. O-O Nd4 7. fxe5 dxe5 8.
d3 Bc5 9. Kh1 Qe7 10. Bg5 c6 11. Bxf6 gxf6 12. a3 h5 13. Qd2 Nxf3 14. gxf3 Bh3
15. Rfe1 Rg8 16. Re2 O-O-O 17. Na4 Rg7 18. Nxc5 Qxc5 19. Qh6 Rdg8 20. Qc1 *

[Event "Open BDR Salon"]
[Site "?"]
[Date "2005.03.05"]
[Round "6"]
[White "Pierobon, Jonathan"]
[Black "Paolillo, Jeremy"]
[Result "0-1"]
[WhiteElo "1199"]
[BlackElo "1199"]
[PlyCount "68"]
[EventDate "2005.04.02"]
[SourceDate "2005.04.02"]

1. d4 d5 2. g3 e6 3. e3 Nf6 4. Bg2 c5 5. Ne2 Nc6 6. Bd2 Be7 7. O-O O-O 8. Qc1
cxd4 9. exd4 b6 10. c3 a5 11. Bg5 Ne8 12. Be3 Nd6 13. Nd2 Ba6 14. Re1 Rc8 15.
a3 Bg5 16. f4 Bf6 17. Nf3 Nf5 18. Ne5 Bxe2 19. Rxe2 Ncxd4 20. cxd4 Rxc1+ 21.
Rxc1 Nxe3 22. Rxe3 Bxe5 23. fxe5 Qd7 24. Bf1 g6 25. Rb3 Rc8 26. Rd1 Qa7 27. a4
Kg7 28. Ra3 Rc2 29. Ra2 f6 30. Bd3 Rc7 31. Re1 fxe5 32. Rxe5 b5 33. Bxb5 Qxd4+
34. Kg2 Qxe5 0-1

[Event "Open BDR Salon"]
[Site "?"]
[Date "2005.03.05"]
[Round "6"]
[White "Guillaume, Jean-Tristan"]
[Black "Piat, Jean-Pascal"]
[Result "1/2-1/2"]
[WhiteElo "1900"]
[BlackElo "1199"]
[PlyCount "119"]
[EventDate "2005.04.02"]
[SourceDate "2005.04.02"]

1. d4 Nf6 2. Nf3 g6 3. Bg5 Bg7 4. Qc1 d6 5. Bh6 O-O 6. Bxg7 Kxg7 7. e3 c6 8. c4
Nbd7 9. Nc3 e5 10. Bd3 exd4 11. Nxd4 Nc5 12. Qd2 Ng4 13. Be2 Nf6 14. Bf3 Be6
15. Nxe6+ fxe6 16. b4 Na6 17. Ne4 d5 18. Nxf6 Qxf6 19. Rc1 Rad8 20. cxd5 cxd5
21. b5 Nb8 22. Rc7+ Rd7 23. Rxd7+ Nxd7 24. Ke2 b6 25. Ke1 Rc8 26. Bd1 Nc5 27.
Qd4 Ne4 28. Qxf6+ Kxf6 29. f3 Nc3 30. a4 Nxd1 31. Kxd1 Rc4 32. Ke2 Rxa4 33. Rc1
Rb4 34. Ra1 Rxb5 35. Rxa7 h5 36. Rb7 Rb2+ 37. Kf1 b5 38. h3 h4 39. Rb8 b4 40.
Rh8 g5 41. Rh6+ Kf5 42. e4+ dxe4 43. fxe4+ Kxe4 44. Rxe6+ Kf5 45. Rb6 b3 46.
Rb4 Rb1+ 47. Kf2 b2 48. g4+ hxg3+ 49. Kg2 Ke5 50. Rb7 Kd5 51. Rb8 Kc5 52. Rc8+
Kb6 53. Rb8+ Kc6 54. Rb3 Kc7 55. Rb4 Kd6 56. Rb5 Ke6 57. Rb3 Kd5 58. Rb4 Ke5
59. Rb7 Kd4 60. Rb8 1/2-1/2

[Event "Open BDR Salon"]
[Site "?"]
[Date "2005.03.05"]
[Round "6"]
[White "Frailinu, Jean-Bernard"]
[Black "Chazeau, Laineur-Lothaire"]
[Result "1-0"]
[WhiteElo "1490"]
[BlackElo "1560"]
[PlyCount "123"]
[EventDate "2005.04.02"]
[SourceDate "2005.04.02"]

1. c4 e5 2. Nf3 Nc6 3. Nc3 d6 4. g3 Be6 5. b3 Nf6 6. Bg2 Qd7 7. Ng5 Bg4 8. h3
Bf5 9. e4 Bg6 10. d3 Be7 11. Nd5 Nxd5 12. cxd5 Nd4 13. Bb2 Bxg5 14. h4 Be7 15.
h5 Bf5 16. exf5 Nxf5 17. Be4 Nh6 18. Bc1 Ng8 19. O-O f5 20. Bg2 Nf6 21. f4 g6
22. Bf3 Qb5 23. Re1 Nd7 24. Bb2 Bf6 25. Rc1 Qb6+ 26. Kg2 Kf7 27. Rc4 Rae8 28.
Qc1 Nc5 29. Qc2 e4 30. dxe4 Bxb2 31. Qxb2 Nd3 32. Qd2 Nxe1+ 33. Qxe1 c5 34.
dxc6 bxc6 35. Qc1 fxe4 36. hxg6+ hxg6 37. Bxe4 Qa6 38. Qc2 Rxe4 39. Rxe4 Qb5
40. Qe2 Qxe2+ 41. Rxe2 Re8 42. Rc2 c5 43. Kf3 Kf6 44. g4 Re1 45. Rd2 Re6 46.
Rd5 Ke7 47. f5 Rf6 48. Kf4 Kf7 49. Kg5 a5 50. a4 Kg7 51. Rd3 Kf7 52. Rh3 Kg7
53. Rh6 d5 54. fxg6 Rd6 55. Rh7+ Kg8 56. Rc7 d4 57. Kh6 Rd8 58. Rg7+ Kh8 59. g5
d3 60. Rh7+ Kg8 61. g7 Rd6+ 62. g6 1-0

[Event "Open BDR Salon"]
[Site "?"]
[Date "2005.03.05"]
[Round "6"]
[White "Humbert, Didier"]
[Black "Nari, Damien"]
[Result "0-1"]
[WhiteElo "1480"]
[BlackElo "1650"]
[PlyCount "90"]
[EventDate "2005.04.02"]
[SourceDate "2005.04.02"]

1. d4 d5 2. Bg5 f6 3. Bh4 Nh6 4. Nf3 Bf5 5. h3 g5 6. Bg3 Nd7 7. e3 Bg7 8. Bd3
e5 9. Bxf5 Nxf5 10. Bh2 c6 11. Nc3 h6 12. e4 Nxd4 13. Nxd4 exd4 14. Qxd4 Qe7
15. O-O f5 16. Qd3 fxe4 17. Qd2 O-O 18. Rae1 Qd8 19. Nd1 Nb6 20. Qb4 Re8 21. b3
Bf8 22. Qd2 Bc5 23. Bg3 Qe7 24. Ne3 d4 25. Nf5 Qf6 26. b4 Qxf5 27. bxc5 Qxc5
28. Qd1 Re6 29. Kh1 Nd5 30. Qh5 Kg7 31. f4 Nf6 32. Qd1 Rd8 33. f5 Ree8 34. h4
g4 35. h5 e3 36. Bh4 Re4 37. Bxf6+ Kxf6 38. Qd3 Rde8 39. Qb3 b5 40. Qd3 Qc4 41.
Qa3 Qf7 42. Qd6+ Kg5 43. Qh2 Qxh5 44. Qxh5+ Kxh5 45. f6 Kg6 0-1

[Event "Open BDR Salon"]
[Site "?"]
[Date "2005.03.19"]
[Round "7"]
[White "Bizien, Matthieu"]
[Black "Dufresne, Said"]
[Result "1-0"]
[WhiteElo "1833"]
[BlackElo "1499"]
[PlyCount "37"]
[EventDate "2005.04.02"]
[SourceDate "2005.04.02"]

1. e4 e6 2. d4 d5 3. Nc3 Bd7 4. Nf3 c5 5. exd5 exd5 6. dxc5 Bxc5 7. Qxd5 Qe7+
8. Qe4 Bf5 9. Qxe7+ Nxe7 10. Nb5 Bb6 11. Nd6+ Kd7 12. Nxf7 Re8 13. N7e5+ Kc7
14. Bd3 Nbc6 15. O-O Nxe5 16. Nxe5 Bxd3 17. Nxd3 Nd5 18. c4 Nf6 19. c5 1-0

[Event "Open BDR Salon"]
[Site "?"]
[Date "2005.03.19"]
[Round "7"]
[White "Nari, Damien"]
[Black "Pilotto, David"]
[Result "0-1"]
[WhiteElo "1650"]
[BlackElo "1890"]
[PlyCount "56"]
[EventDate "2005.04.02"]
[SourceDate "2005.04.02"]

1. e4 d6 2. d4 Nf6 3. Nc3 Nc6 4. f4 g6 5. Nf3 Bg7 6. d5 Nb8 7. Bc4 a6 8. a4
Nbd7 9. Be3 Nb6 10. Bxb6 cxb6 11. O-O Qc7 12. Qe2 Ng4 13. h3 Qc5+ 14. Kh1 Ne3
15. Bb3 Nxf1 16. Rxf1 Bd7 17. e5 O-O 18. e6 Be8 19. Ne4 Qc7 20. Nfg5 h6 21.
exf7+ Bxf7 22. Nxf7 Rxf7 23. g4 Raf8 24. Ng3 Rxf4 25. Rxf4 Rxf4 26. Qe6+ Kh7
27. Kg2 Qc5 28. Ne4 Qd4 0-1

[Event "Open BDR Salon"]
[Site "?"]
[Date "2005.03.19"]
[Round "7"]
[White "Fedeli, Rene"]
[Black "Frailinu, Jean-Bernard"]
[Result "1-0"]
[WhiteElo "1680"]
[BlackElo "1490"]
[PlyCount "81"]
[EventDate "2005.04.02"]
[SourceDate "2005.04.02"]

1. e4 e6 2. d4 d5 3. e5 c5 4. c3 Nc6 5. f4 Qb6 6. Nf3 Nge7 7. Bd3 cxd4 8. Nxd4
Nxd4 9. cxd4 Qxd4 10. Bb5+ Bd7 11. Bxd7+ Kxd7 12. Qxd4 Nc6 13. Qa4 Bc5 14. Nc3
Rhc8 15. Bd2 a6 16. a3 b5 17. Qc2 Nd4 18. Qxh7 Ke7 19. Qxg7 Nc2+ 20. Ke2 Rg8
21. Qf6+ Ke8 22. g3 Nxa1 23. Rxa1 Be7 24. Nxd5 Bxf6 25. Nxf6+ Kf8 26. Nxg8 Kxg8
27. Rc1 Kg7 28. Rc6 Kg6 29. Kf3 Rh8 30. h4 Ra8 31. Bc3 Kg7 32. g4 a5 33. Rb6 b4
34. axb4 axb4 35. Rxb4 Rd8 36. f5 Rh8 37. f6+ Kh7 38. Rb7 Kg6 39. h5+ Kg5 40.
Rxf7 Rg8 41. Rg7+ 1-0

[Event "Open BDR Salon"]
[Site "?"]
[Date "2005.03.26"]
[Round "7"]
[White "Guyard, Gerard"]
[Black "Navarro, Bertrand"]
[Result "0-1"]
[WhiteElo "1340"]
[BlackElo "1499"]
[PlyCount "110"]
[EventDate "2005.04.02"]
[SourceDate "2005.04.02"]

1. d4 Nf6 2. Nc3 g6 3. e4 d6 4. Be2 Bg7 5. Be3 O-O 6. g4 a6 7. g5 Ne8 8. h4 e6
9. h5 b5 10. Bf3 Bb7 11. hxg6 fxg6 12. Qd3 Nc6 13. a3 Qe7 14. b4 Nd8 15. Be2
Nf7 16. Nf3 c6 17. Kd2 Rd8 18. Rag1 c5 19. Kd1 Ne5 20. Nxe5 dxe5 21. d5 c4 22.
Bc5 Qxc5 23. Qh3 Qd6 24. Bg4 Bc8 25. Kc1 Kf7 26. Qg3 Rh8 27. Rd1 Qe7 28. Bxe6+
Bxe6 29. dxe6+ Kg8 30. Qf3 Qxg5+ 31. Kb2 Qf6 32. Rxd8 Qxf3 33. Rxe8+ Bf8 34.
Rd1 Kg7 35. Rd7+ Kh6 36. Rf7 Qxc3+ 37. Kxc3 Bxb4+ 38. axb4 Rxe8 39. e7 g5 40.
Rf6+ Kg7 41. Rxa6 Rxe7 42. Rb6 Rf7 43. Rxb5 Rxf2 44. Rxe5 Kf6 45. Rf5+ Rxf5 46.
exf5 g4 47. Kd2 Kxf5 48. Ke3 Ke5 49. c3 h5 50. b5 Kd6 51. Kd4 g3 52. Ke3 Kc5
53. Kf3 h4 54. Kg2 Kxb5 55. Kh1 Ka4 0-1

[Event "Open BDR Salon"]
[Site "?"]
[Date "2005.03.19"]
[Round "7"]
[White "Paolillo, Jeremy"]
[Black "Nerino, Nicolas"]
[Result "1-0"]
[WhiteElo "1199"]
[BlackElo "1360"]
[PlyCount "63"]
[EventDate "2005.04.02"]
[SourceDate "2005.04.02"]

1. d4 d6 2. e3 Nf6 3. Nf3 Bg4 4. Nc3 g6 5. b3 c6 6. a3 Qa5 7. b4 Qh5 8. Be2 Bg7
9. Bb2 O-O 10. O-O Qf5 11. Nd2 Bxe2 12. Nxe2 Nbd7 13. Ng3 Qe6 14. Rb1 Rad8 15.
c4 Nb6 16. Qe2 Na4 17. Ba1 Nb6 18. c5 dxc5 19. bxc5 Nbd5 20. Rxb7 Ra8 21. Rfb1
Qc8 22. h3 Nd7 23. Qa6 Nc7 24. Qxc6 Ne6 25. Qxc8 Rfxc8 26. Rxd7 Rab8 27. Rxb8
Rxb8 28. Rxa7 Nxc5 29. dxc5 Bxa1 30. c6 Be5 31. Nc4 Rb1+ 32. Kh2 1-0

[Event "Open BDR Salon"]
[Site "?"]
[Date "2005.03.19"]
[Round "7"]
[White "Santana, Paul"]
[Black "Dufresne, Ali"]
[Result "1-0"]
[WhiteElo "1499"]
[BlackElo "1499"]
[PlyCount "41"]
[EventDate "2005.04.02"]
[SourceDate "2005.04.02"]

1. e4 d6 2. Nf3 c5 3. Bc4 Nf6 4. Nc3 Bg4 5. h3 Bxf3 6. Qxf3 e5 7. O-O Nc6 8.
Qd3 Qd7 9. Qg3 Nd4 10. Qd3 Be7 11. Nd5 Nxd5 12. Bxd5 Rc8 13. c3 Nb5 14. Bc4 Nc7
15. Qg3 O-O 16. a3 b5 17. Ba2 d5 18. d3 dxe4 19. Bh6 Ne6 20. Bxe6 Bh4 21. Qxg7#
1-0

[Event "Open BDR Salon"]
[Site "?"]
[Date "2005.03.19"]
[Round "7"]
[White "Chazeau, Laineur-Lothaire"]
[Black "Pierobon, Jonathan"]
[Result "1-0"]
[WhiteElo "1560"]
[BlackElo "1199"]
[PlyCount "87"]
[EventDate "2005.04.02"]
[SourceDate "2005.04.02"]

1. e4 e5 2. Nf3 Nc6 3. Bc4 h6 4. Nc3 d6 5. d4 Bg4 6. dxe5 dxe5 7. Qxd8+ Rxd8 8.
Nd2 Nd4 9. Bd3 Bb4 10. Nd5 Bxd2+ 11. Bxd2 Rd7 12. f3 Be6 13. Nc3 a6 14. Ne2 b5
15. a4 Bc4 16. Nxd4 Rxd4 17. Bc3 Rd7 18. Bxc4 bxc4 19. Bxe5 f6 20. Bc3 Ne7 21.
O-O O-O 22. Bb4 Kf7 23. Rfd1 Rxd1+ 24. Rxd1 c6 25. Rd7 Re8 26. Kf2 Kf8 27. Ke3
g6 28. Kd4 Kf7 29. Rxe7+ Rxe7 30. Bxe7 Kxe7 31. Kxc4 Kd6 32. b4 f5 33. exf5
gxf5 34. Kd4 h5 35. a5 h4 36. f4 Ke6 37. Kc5 Kd7 38. Kb6 Kd6 39. c4 Kd7 40.
Kxa6 Kc7 41. Ka7 Kc8 42. Kb6 Kd7 43. a6 Ke8 44. a7 1-0

[Event "Open BDR Salon"]
[Site "?"]
[Date "2005.03.19"]
[Round "7"]
[White "Terrien, Claude"]
[Black "Guillaume, Jean-Tristan"]
[Result "0-1"]
[WhiteElo "1650"]
[BlackElo "1199"]
[PlyCount "163"]
[EventDate "2005.04.02"]
[SourceDate "2005.04.02"]

1. d4 Nf6 2. c4 e6 3. Nc3 Bb4 4. Qc2 d5 5. a3 Be7 6. cxd5 exd5 7. Nf3 Nc6 8. e3
Bg4 9. Be2 Bxf3 10. Bxf3 Qd7 11. O-O O-O 12. b3 Nd8 13. Bb2 Ne6 14. Bd1 Rac8
15. b4 b6 16. Qe2 c5 17. Ba4 Qd8 18. bxc5 bxc5 19. dxc5 Nxc5 20. Bd1 Qd7 21.
Nb5 a6 22. Nd4 Ne6 23. Bc2 Nxd4 24. Bxd4 Qd8 25. a4 Bd6 26. Rab1 Bxh2+ 27. Kh1
Bd6 28. g3 Bc5 29. Bf5 Rc7 30. Be5 Rc6 31. Rb7 Be7 32. Rfb1 Bd6 33. Bxf6 Qxf6
34. Bd7 Rc7 35. Rb8 Rxb8 36. Rxb8+ Bf8 37. Bg4 Rc1+ 38. Kg2 Qh6 39. Bh3 Qg6 40.
Qd2 Rc7 41. Qb4 Qe4+ 42. Qxe4 dxe4 43. Rb6 a5 44. Rb2 g6 45. g4 Ba3 46. Ra2 Rc3
47. Kg3 g5 48. Bg2 Bd6+ 49. Kh3 Rc4 50. Rd2 Bc5 51. Rd5 Bb6 52. Rxg5+ Kf8 53.
Re5 Rxa4 54. Bxe4 Bc7 55. Rh5 Rxe4 56. Rxh7 a4 57. Rh8+ Ke7 58. Ra8 Bd6 59.
Ra7+ Kf8 60. Ra8+ Kg7 61. Ra6 Be7 62. Ra7 a3 63. Kg3 Kf6 64. Kf3 Rc4 65. e4 Rc2
66. Ra6+ Kg7 67. g5 a2 68. Ke3 Bc5+ 69. Kd3 Rxf2 70. Kc4 Be7 71. Kb3 Bxg5 72.
Rxa2 Rxa2 73. Kxa2 Kf6 74. Kb3 Ke5 75. Kc3 Kxe4 76. Kc2 Ke3 77. Kd1 Kf2 78. Kc2
f5 79. Kd3 Be3 80. Kc2 f4 81. Kd1 f3 82. Kc2 0-1

[Event "Open BDR Salon"]
[Site "?"]
[Date "2005.03.19"]
[Round "7"]
[White "Misene, Milan"]
[Black "Humbert, Didier"]
[Result "1/2-1/2"]
[WhiteElo "1499"]
[BlackElo "1480"]
[PlyCount "63"]
[EventDate "2005.04.02"]
[SourceDate "2005.04.02"]

1. e4 Nf6 2. Nc3 d5 3. e5 d4 4. exf6 dxc3 5. fxg7 cxd2+ 6. Bxd2 Bxg7 7. c3 Nc6
8. h3 Be6 9. Bb5 Qd5 10. Bxc6+ Qxc6 11. Nf3 O-O-O 12. O-O h6 13. Re1 Rd6 14.
Qe2 Qd7 15. Bf4 Rd5 16. Rad1 Rd8 17. Rxd5 Qxd5 18. a3 Bf8 19. Qe3 b6 20. Qe2
Kb7 21. Nd4 Bd7 22. Qe5 Qc4 23. Qe4+ Bc6 24. Nxc6 Qxc6 25. Qh7 Qf6 26. Qe4+ Qc6
27. Qe2 Qg6 28. Rd1 Rxd1+ 29. Qxd1 Qf5 30. Qf3+ c6 31. Qg4 Qxg4 32. hxg4
1/2-1/2

[Event "Open BDR Salon"]
[Site "?"]
[Date "2005.03.19"]
[Round "7"]
[White "Santana, Eric"]
[Black "Brunie, Luce"]
[Result "0-1"]
[WhiteElo "1499"]
[BlackElo "1340"]
[PlyCount "70"]
[EventDate "2005.04.02"]
[SourceDate "2005.04.02"]

1. Nf3 d5 2. d4 e6 3. e3 Nf6 4. Bd3 Bd6 5. O-O O-O 6. Bd2 c5 7. dxc5 Bxc5 8.
Bc3 Nbd7 9. Nbd2 Qc7 10. h3 b6 11. Be2 Bb7 12. Kh1 Rad8 13. Rg1 Ne4 14. Qe1
Nxc3 15. bxc3 Nf6 16. Bd3 Bd6 17. g3 Qxc3 18. Qe2 Ne4 19. h4 Nxd2 20. Nxd2 Qf6
21. Rg2 Qxa1+ 22. Kh2 Qxa2 23. f4 Qa1 24. g4 e5 25. Qf3 e4 26. Bxe4 dxe4 27.
Qg3 Qc3 28. g5 Rd7 29. h5 g6 30. hxg6 fxg6 31. Qh4 Qxe3 32. Kh1 Qxf4 33. Rg4
Qh2+ 34. Qxh2 Bxh2 35. Kxh2 Rxd2+ 0-1

[Event "Open BDR Salon"]
[Site "?"]
[Date "2005.04.09"]
[Round "8"]
[White "Guillaume, Jean-Tristan"]
[Black "Bizien, Matthieu"]
[Result "0-1"]
[WhiteElo "1199"]
[BlackElo "1833"]
[PlyCount "77"]
[EventDate "2005.04.02"]
[SourceDate "2005.04.02"]

1. d4 Nf6 2. c4 c5 3. Nf3 e6 4. Bg5 Be7 5. Nc3 cxd4 6. Nxd4 a6 7. e3 b6 8. Be2
Bb7 9. Nf3 d6 10. Rb1 Nbd7 11. O-O O-O 12. Qc2 Qc7 13. a3 h6 14. Bxf6 Nxf6 15.
h3 Rac8 16. Rfc1 Qb8 17. Nd2 Qa8 18. e4 d5 19. exd5 exd5 20. cxd5 Nxd5 21. Bf3
Nxc3 22. Bxb7 Qxb7 23. bxc3 Bxa3 24. Rd1 Rfe8 25. Nf3 a5 26. Rd3 Rc7 27. Rbd1
Qc8 28. Nd4 Rce7 29. Qd2 Bc5 30. Kf1 Qc7 31. g3 Qb7 32. f3 Qc8 33. g4 Qc7 34.
Qg2 Re5 35. Nf5 Re2 36. Qh1 Rf2+ 37. Kg1 Rxf3+ 38. Ne3 Qg3+ 39. Qg2 0-1

[Event "Open BDR Salon"]
[Site "?"]
[Date "2005.04.09"]
[Round "8"]
[White "Navarro, Bertrand"]
[Black "Blondelon, Claude"]
[Result "1-0"]
[WhiteElo "1499"]
[BlackElo "1420"]
[PlyCount "97"]
[EventDate "2005.04.02"]
[SourceDate "2005.04.02"]

1. c4 Nf6 2. g3 c6 3. Bg2 e6 4. Nc3 d5 5. cxd5 exd5 6. Nf3 Be7 7. O-O O-O 8. e3
Nbd7 9. d4 Qc7 10. Re1 Re8 11. Nd2 Bd6 12. e4 dxe4 13. Ndxe4 Bb4 14. Nxf6+ Nxf6
15. Rxe8+ Nxe8 16. a3 Be7 17. d5 Bd7 18. Bf4 Bd6 19. Bxd6 Nxd6 20. Rc1 Re8 21.
dxc6 Bxc6 22. Bxc6 Qxc6 23. Ne4 Qxe4 24. Qxd6 h6 25. Qc5 a6 26. Qc2 Qxc2 27.
Rxc2 Rb8 28. Rc7 f6 29. Kf1 b6 30. Ra7 a5 31. b4 axb4 32. axb4 Kh7 33. f4 h5
34. h3 Kh6 35. g4 hxg4 36. hxg4 b5 37. Kf2 Rb6 38. Rc7 Rd6 39. Ke3 Kg6 40. Rc5
Rb6 41. Kd4 Kf7 42. Rc7+ Ke6 43. Kc5 Rd6 44. Rc6 Rxc6+ 45. Kxc6 g6 46. Kxb5 Kd5
47. Ka6 Kc6 48. b5+ Kc7 49. Ka7 1-0

[Event "Open BDR Salon"]
[Site "?"]
[Date "2005.04.09"]
[Round "8"]
[White "Nari, Damien"]
[Black "Terrien, Claude"]
[Result "1-0"]
[WhiteElo "1650"]
[BlackElo "1650"]
[PlyCount "71"]
[EventDate "2005.04.02"]
[SourceDate "2005.04.02"]

1. e4 c5 2. Nf3 e6 3. d4 cxd4 4. Nxd4 Nf6 5. Nc3 a6 6. f3 Qc7 7. Be3 d5 8. exd5
Nxd5 9. Nxd5 exd5 10. Qd2 Nc6 11. O-O-O Be7 12. Bf4 Qd8 13. Nxc6 bxc6 14. Qc3
O-O 15. Qxc6 Be6 16. Qc3 Rc8 17. Qd2 Qb6 18. Be3 Qb7 19. Bd4 Bb4 20. c3 Rc6 21.
Kb1 Be7 22. Bd3 Rb8 23. Qc2 g6 24. Ka1 a5 25. h4 a4 26. h5 Bf5 27. Bxf5 gxf5
28. g4 fxg4 29. Rhg1 Bg5 30. Rxg4 h6 31. f4 f5 32. Rg2 Kh7 33. Qxf5+ Kg8 34.
fxg5 Qxb2+ 35. Rxb2 Rxb2 36. Qxd5+ 1-0

[Event "Open BDR Salon"]
[Site "?"]
[Date "2005.04.09"]
[Round "8"]
[White "Misene, Milan"]
[Black "Frailinu, Jean-Bernard"]
[Result "0-1"]
[WhiteElo "1499"]
[BlackElo "1490"]
[PlyCount "56"]
[EventDate "2005.04.02"]
[SourceDate "2005.04.02"]

1. e4 e6 2. d4 c5 3. Nf3 Nc6 4. Nc3 d5 5. exd5 exd5 6. Bb5 a6 7. Bxc6+ bxc6 8.
dxc5 Bxc5 9. O-O Nf6 10. Re1+ Be6 11. Na4 Bd6 12. Bg5 O-O 13. Nd4 Bd7 14. Qd2
c5 15. Nf3 Bxa4 16. b3 Bc6 17. c4 d4 18. Ne5 Bxe5 19. Rxe5 Qd6 20. Bf4 Qd7 21.
Rae1 Qg4 22. Rg5 Qd7 23. Be5 Rfe8 24. Bxf6 Rxe1+ 25. Qxe1 Re8 26. Rxg7+ Kf8 27.
Qd2 Qf5 28. Rxh7 Qb1+ 0-1

[Event "Open BDR Salon"]
[Site "?"]
[Date "2005.04.09"]
[Round "8"]
[White "Humbert, Didier"]
[Black "Chazeau, Laineur-Lothaire"]
[Result "1-0"]
[WhiteElo "1480"]
[BlackElo "1560"]
[PlyCount "75"]
[EventDate "2005.04.02"]
[SourceDate "2005.04.02"]

1. d4 d5 2. Bg5 Nf6 3. Bxf6 exf6 4. e3 Bd6 5. Bd3 Nc6 6. Nf3 Be6 7. Nc3 a6 8.
a3 O-O 9. b4 Ne7 10. Nh4 Qd7 11. h3 c6 12. Na4 Qc7 13. O-O b6 14. f4 f5 15. Rf3
a5 16. c3 axb4 17. cxb4 Qb7 18. Bc2 Rfc8 19. Rf1 c5 20. Nc3 cxd4 21. Nb5 Qd7
22. Nxd4 Rc3 23. Qd2 Rcxa3 24. Rxa3 Rxa3 25. Rb1 g6 26. Qc1 Ra8 27. Nhf3 Nc6
28. Qb2 Nxb4 29. Nxe6 Qxe6 30. Re1 Nxc2 31. Qxc2 Bc5 32. Ne5 f6 33. Nf3 d4 34.
exd4 Bxd4+ 35. Kh1 Qd6 36. Qc4+ Kg7 37. Nxd4 Qxf4 38. Ne6+ 1-0

[Event "Open BDR Salon"]
[Site "?"]
[Date "2005.04.09"]
[Round "8"]
[White "Guyard, Gerard"]
[Black "Dufresne, Said"]
[Result "0-1"]
[WhiteElo "1340"]
[BlackElo "1499"]
[PlyCount "78"]
[EventDate "2005.04.02"]
[SourceDate "2005.04.02"]

1. d4 e6 2. e4 d5 3. e5 Be7 4. Nf3 Nd7 5. Be2 f6 6. Bf4 c5 7. c3 Qb6 8. Qd2 Nf8
9. O-O Ng6 10. Bg3 Nh6 11. Nh4 Nxh4 12. Bxh4 Nf5 13. exf6 gxf6 14. Bg3 cxd4 15.
Qd3 Bd7 16. a4 Qxb2 17. Nd2 Qxc3 18. Bh5+ Kf8 19. Qe2 Nxg3 20. fxg3 Qe3+ 21.
Qf2 Qxf2+ 22. Rxf2 Rc8 23. Nf3 Kg7 24. Nxd4 Bc5 25. Rd2 e5 26. Kh1 Bxd4 27. Rb1
Rc7 28. Bf3 Rhc8 29. Rdd1 Bf5 30. Rb5 Be4 31. h4 b6 32. Kh2 Bxf3 33. gxf3 Rc2+
34. Kh3 R8c5 35. Rbb1 R2c3 36. Rf1 Be3 37. Kg4 R5c4+ 38. Kf5 Kf7 39. g4 Rf4#
0-1

[Event "Open BDR Salon"]
[Site "?"]
[Date "2005.04.09"]
[Round "8"]
[White "Paolillo, Jeremy"]
[Black "Fedeli, Rene"]
[Result "0-1"]
[WhiteElo "1199"]
[BlackElo "1680"]
[PlyCount "86"]
[EventDate "2005.04.02"]
[SourceDate "2005.04.02"]

1. d4 f5 2. c4 Nf6 3. Nc3 e6 4. Nf3 b6 5. a3 Bb7 6. Bf4 d6 7. b4 Be7 8. h3 O-O
9. e3 Nbd7 10. Be2 Qe8 11. O-O Ne4 12. Nxe4 Bxe4 13. Bd3 Nf6 14. Bxe4 Nxe4 15.
Nd2 Nf6 16. b5 Nd7 17. Nf3 Bf6 18. a4 Kh8 19. Ra2 Rd8 20. Rd2 Qf7 21. Ng5 Qe7
22. Nf3 e5 23. dxe5 Nxe5 24. Nxe5 dxe5 25. Bg3 Qc5 26. Rxd8 Rxd8 27. Qc2 e4 28.
Rc1 Kg8 29. Qa2 Kf8 30. a5 g5 31. axb6 axb6 32. Qa7 f4 33. exf4 gxf4 34. Bxf4
Be5 35. Be3 Qxc4 36. f4 Qe2 37. Qa3+ Kg8 38. Qb3+ Kh8 39. fxe5 Rd3 40. Rc3
Qxe3+ 41. Kh1 Rxc3 42. Qf7 Qe1+ 43. Kh2 Qg3+ 0-1

[Event "Open BDR Salon"]
[Site "?"]
[Date "2005.04.09"]
[Round "8"]
[White "Brunie, Luce"]
[Black "Santana, Paul"]
[Result "1/2-1/2"]
[WhiteElo "1340"]
[BlackElo "1490"]
[PlyCount "77"]
[EventDate "2005.04.02"]
[SourceDate "2005.04.02"]

1. e4 e5 2. f4 Nc6 3. Nf3 d6 4. Bc4 Bg4 5. O-O Nd4 6. d3 Nxf3+ 7. Rxf3 Bxf3 8.
Qxf3 Qh4 9. g3 Qf6 10. Nc3 c6 11. Be3 g5 12. f5 h6 13. Qh5 b5 14. Bb3 Qg7 15.
a4 Nf6 16. Qd1 b4 17. Ne2 Be7 18. c3 c5 19. cxb4 cxb4 20. a5 O-O 21. h3 g4 22.
h4 Nh5 23. Qd2 Kh7 24. Kg2 Nf4+ 25. Nxf4 exf4 26. Bxf4 h5 27. Rc1 Rac8 28. Re1
Rfd8 29. Bd5 Bf6 30. b3 Bc3 31. Bh6 Bxd2 32. Bxg7 Bxe1 33. f6 Rc2+ 34. Kf1 Rc1
35. Bxf7 Rdc8 36. Be6 R8c2 37. Bf5+ Kg8 38. Be6+ Kh7 39. Bf5+ 1/2-1/2

[Event "Open BDR Salon"]
[Site "?"]
[Date "2005.04.09"]
[Round "8"]
[White "Dufresne, Ali"]
[Black "Barabe, Etienne"]
[Result "1-0"]
[WhiteElo "1499"]
[BlackElo "1199"]
[PlyCount "63"]
[EventDate "2005.04.02"]
[SourceDate "2005.04.02"]

1. e4 e5 2. Nf3 d6 3. d4 Qe7 4. Bd3 Bg4 5. Nc3 exd4 6. Nd5 Qd7 7. O-O c6 8. Nf4
g5 9. Ne2 Bxf3 10. gxf3 Bg7 11. Bxg5 Qh3 12. Nf4 Qd7 13. Qe2 Be5 14. Kg2 h6 15.
Bh4 Bxf4 16. Bg3 Bxg3 17. fxg3 Na6 18. e5 dxe5 19. Qxe5+ Kf8 20. Rae1 Rh7 21.
Bf5 Re8 22. Qf4 Rxe1 23. Rxe1 Qd5 24. Bxh7 Kg7 25. Bd3 Qxa2 26. Qxd4+ Nf6 27.
Bc4 Qa5 28. Re7 Qh5 29. Rxb7 c5 30. Qd6 Kg6 31. Bxf7+ Kg5 32. Bxh5 1-0

[Event "Open BDR Salon"]
[Site "?"]
[Date "2005.04.09"]
[Round "8"]
[White "Nerino, Nicolas"]
[Black "Santana, Eric"]
[Result "1-0"]
[WhiteElo "1360"]
[BlackElo "1499"]
[PlyCount "47"]
[EventDate "2005.04.02"]
[SourceDate "2005.04.02"]

1. e4 e5 2. Nc3 Nf6 3. f4 Nc6 4. fxe5 Nxe5 5. d4 Nc6 6. e5 Ng8 7. Nf3 d5 8. Bd3
h6 9. O-O Nge7 10. Qe2 Bg4 11. Qf2 Be6 12. Na4 b6 13. b3 Rb8 14. Ba3 Qc8 15.
Bb5 Qb7 16. c4 a6 17. cxd5 Bxd5 18. Bd3 Be6 19. Nd2 g6 20. Qf6 Rg8 21. Bc4 Qc8
22. Qf4 b5 23. Bxe6 Qxe6 24. Nc5 1-0